000 01407nam a2200361 i 4500
001 194928
003 SpMaBN
005 20240528062835.0
007 ta
008 240522s1974 sp spa
016 7 _abimoBNE19996586050
_zIND9600791481
_2SpMaBN
017 _aS 663-1974
_bOficina Depósito Legal Salamanca
020 _a8471851202
035 _a(OCoLC)433083760
035 _abimo0001401040
040 _aSpMaBN
_bspa
_cCDM
_dES-MaACL
080 _a860-14"19"
100 1 _aRuiz Peña, Juan,
_d1915-1992
_0XX1007001
_9100896
245 1 0 _aVersos juntos /
_cJuan Ruiz Peña
260 _aMadrid :
_bInsula,
_c1974.
300 _a159 p. ;
_c18 cm
336 _2rdacontent
_atexto
337 _2rdamedia
_asin mediación
338 _2rdacarrier
_avolumen
650 4 _916177
_aPoesía española-
_yS.XX
655 7 _2tgfbne
_aPoesías
_9176539
852 _aES-MaACL
_cDEPO2
_jBUE-947
_gDedicatoria manuscrita del autor, Juan Ruiz Peña, para Antonio Buero Vallejo en anteportada: "Para Antonio Buero Vallejo, con los mejores deseos de libertad y creación para 1975, con un abrazo de su amigo, [firma], Naivdades del 74".
_hLegado: Antonio Buero Vallejo
_9202563
901 _932421
_aBuero Vallejo, Antonio,
_q1
_d1916-2000
_ednr
942 _n0
_cMONOGRAFIA
999 _c194928
_d194928